Oscar al miglior attore non protagonista - Statistics

Statistiche generali
  • Questo quiz è stato fatto 23 volte
  • Il punteggio medio è 9 su 84
Statistiche sulle risposte
Anno Attore % Corretto
2020 Brad Pitt
70%
1975 Robert De Niro
60%
1984 Jack Nicholson
50%
1990 Denzel Washington
35%
2011 Christian Bale
30%
2010 Christoph Waltz
30%
2013 Christoph Waltz
30%
2009 Heath Ledger
30%
2008 Javier Bardem
30%
1991 Joe Pesci
30%
1988 Sean Connery
30%
1937 Walter Brennan
30%
1939 Walter Brennan
30%
1941 Walter Brennan
30%
2014 Jared Leto
25%
1996 Kevin Spacey
25%
2005 Morgan Freeman
25%
1987 Michael Caine
20%
2000 Michael Caine
20%
1998 Robin Williams
20%
2006 George Clooney
15%
2015 J. K.Simmons
15%
2017 Mahershala Ali
15%
2019 Mahershala Ali
15%
2001 Benicio Del Toro
10%
1979 Christopher Walken
10%
1956 Jack Lemmon
10%
2004 Tim Robbins
10%
2007 Alan Arkin
5%
1953 Anthony Quinn
5%
1945 Barry Fitzgerald
5%
1944 Charles Coburn
5%
2003 Chris Cooper
5%
1950 Dean Jagger
5%
1942 Donald Crisp
5%
1948 Edmund Gwenn
5%
1993 Gene Hackman
5%
1951 George Sanders
5%
1947 Harold Russell
5%
1999 James Coburn
5%
1946 James Dunn
5%
1977 Jason Robards
5%
1978 Jason Robards
5%
1938 Joseph Schildkraut
5%
1952 Karl Malden
5%
2016 Mark Rylance
5%
1995 Martin Landau
5%
2018 Sam Rockwell
5%
1940 Thomas Mitchell
5%
1994 Tommy Lee Jones
5%
1943 Van Heflin
5%
1949 Walter Huston
5%
1957 Anthony Quinn
0%
1972 Ben Johnson
0%
1959 Burl Ives
0%
2012 Christopher Plummer
0%
1997 Cuba Gooding Jr.
0%
1986 Don Ameche
0%
1963 Ed Begley
0%
1955 Edmond O'Brien
0%
1954 Frank Sinatra
0%
1976 George Burns
0%
1962 George Chakiris
0%
1968 George Kennedy
0%
1970 Gig Young
0%
1985 Haing S. Ngor
0%
1960 Hugh Griffith
0%
1969 Jack Albertson
0%
1992 Jack Palance
0%
2002 Jim Broadbent
0%
1973 Joel Grey
0%
1982 John Gielgud
0%
1974 John Houseman
0%
1971 John Mills
0%
1989 Kevin Kline
0%
1983 Louis Gossett Jr.
0%
1966 Martin Balsam
0%
1964 Melvyn Douglas
0%
1980 Melvyn Douglas
0%
1961 Peter Ustinov
0%
1965 Peter Ustinov
0%
1958 Red Buttons
0%
1981 Timothy Hutton
0%
1967 Walter Matthau
0%
Nessun quiz corrispondente trovato
Distribuzione punteggi
Percentuale di utenti per punteggio
Percentile per numero di risposta
I tuoi punteggi nel tempo
Non hai fatto questo quiz